000 00472nam a2200181Ia 4500
001 14825
005 20260306164942.0
008 260306t2016||||xx |||||||||||||| ||spa||
041 _aESP
082 _a519.4
_bI52
100 _aInfante del Río, Juan Antonio
_eAUT
245 0 _aMétodos numéricos:
_bteoría, problemas y prácticas con MATLAB
260 _c2016
300 _a515 páginas :
_c23 cm.
650 _aGEN
654 _aCMA
942 _cLIB
_dJUS
_fJUS
_2ddc
_n
999 _c14825
_d14825